| 000 | 00558nam a22002177a 4500 | ||
|---|---|---|---|
| 999 |
_c12050 _d12050 |
||
| 001 | 12050 | ||
| 003 | BD-JhCC | ||
| 005 | 20220814134022.0 | ||
| 008 | 210309b ii |||| |||| 000 0 eng d | ||
| 035 | _a(BD-JhCC)12050 | ||
| 040 |
_aBD-JhCC _dBD-JhCC |
||
| 041 | _aeng | ||
| 082 |
_a320.51 _bJAI |
||
| 100 | _aJain, Gagan | ||
| 245 |
_aWorld's inspirational speeches by great people / _cGagan Jain |
||
| 260 |
_aNew Delhi, _bMG Books, _c? |
||
| 300 |
_a240p. : _c21 cm. |
||
| 650 | _aSpeeches | ||
| 650 | _aPolitics and government | ||
| 942 |
_2ddc _cBK _02 |
||